Name the Disney Character- Bad Description - Statistics

General Stats
  • This quiz has been taken 122 times
  • The average score is 9 of 26
Answer Stats
Hint Answer % Correct
Became a god and then threw it away because he fell in love Hercules
93%
Threw a Ball to find his wife, then made sure she had unique feet... (?) Prince Charming
70%
Became a man to find a man....Wait Mulan
68%
Kissed a frog to open a restaurant Tiana
63%
The other woman with a bow... No no, not Katniss.... Merida
61%
Doesn't like kids... Or crocodiles Captain Hook
57%
Gordon Ramsey would go crazy if he met this guy Remy
47%
Got jealous because his best friend started hanging out with an astronaut Woody
42%
Talks to reindeer because he has no friends Kristoff
41%
Must have had a class with Dolores Umbridge because he "must not tell lies" Pinocchio
40%
He can't play music so he... steals a dead man's guitar(?) Miguel Rivera
33%
Became ugly to become the prettiest ever Evil Queen
30%
Tried to be a criminal but only stole a girls heart Flynn Rider
28%
Strongman who is a massive narcissist Gaston
28%
Best duo in the entirety of Disney Timon and Pumba
26%
Runs a crime syndicate but lets her "boss" call her names like Smellwether Bellwether
24%
Secret Princess who just wants to race Vanellope Von Schweetz
21%
Not only is he the black sheep of his family, the whole village hates him too Bruno
17%
Boss lady who strikes fear in the hearts of all heros Edna Mode
17%
Alien who wants a family Stich
14%
Forgotten friend who is part dolphin Bing Bong
13%
Sidekick of the other Disney archer Little John
13%
King Kong wants to be a human King Louie
12%
Stole a woman's heart, but not for the right reasons Maui
12%
Got forced to babysit his bosses kid, only for her to grow a pair and chase a man Sebastian
11%
Wants to be part of their world... No no, not Ariel... Quasimodo
10%
No matching quizzes found
Score Distribution
Percent of People with Each Score
Percentile by Number Answered
Your Score History
You have not taken this quiz